| 000 | 00852cam a2200277 a 4500 | ||
|---|---|---|---|
| 001 | 000013910 | ||
| 005 | 20200929163409.0 | ||
| 008 | 800910s1984 sp 001 0 spa | ||
| 015 | _aSp*** | ||
| 020 | _a8430908021 | ||
| 040 |
_aDO-SdBNP _cDLC _dDLC |
||
| 043 | _ae-sp--- | ||
| 082 |
_a342.4602 _bE77L, 1984 |
||
| 110 | 1 |
_aEspaña. _kLeyes, estatutos, etc _931521 |
|
| 245 | 1 | 0 |
_aLeyes políticas españolas fundamentales (1808-1978) / _crecopilación y prólogo por Enrique Tierno Galván. |
| 250 | _a2. ed. | ||
| 260 |
_aMadrid : _bTecnos, _c1984. |
||
| 300 |
_a527 p. ; _c24 cm. |
||
| 490 | 1 | _aEstado y Sociedad | |
| 651 | 4 |
_aEspaña _xConstitución. _931522 |
|
| 650 | 4 |
_aLeyes _zEspaña _931523 |
|
| 700 | 1 |
_aTierno Galván, Enrique. _931524 |
|
| 830 | 0 |
_aEstado y Sociedad ; _931525 |
|
| 910 | _aCatalogación derivada | ||
| 049 | _aBNGR | ||
| 999 |
_c13515 _d13515 |
||